| 000 | 00761 a2200241 4500 | ||
|---|---|---|---|
| 003 | NLI | ||
| 005 | 20210601175642.0 | ||
| 008 | 210111b ii ||||| |||| 00| 0 eng d | ||
| 040 |
_aNLI _basm _cAssamese Division |
||
| 041 | 0 | _aasm | |
| 044 | _aii | ||
| 082 | 0 | 4 |
_223rd ed. _a891.4513 _bB 765 |
| 100 |
_aবৰুৱা, হৃদি _95 _6880-01 Baruvā, Hṛdi |
||
| 245 |
_aপ্ৰেম, হৃদয় আৰু মই / হৃদি বৰুৱা _6880-02 Prem hṛday āru mai /by Hṛdi Baruvā |
||
| 250 | _a1st | ||
| 260 |
_bM P D Publication _c2019 _aGolaghat |
||
| 300 |
_a200p. _c24 cm. |
||
| 650 | 0 |
_2Short Stories, Assamese _92 |
|
| 700 | 1 | _6880-03 | |
| 880 | 1 | _6100-01 | |
| 942 |
_2ddc _cBKS _h891.4513 _kA _mp |
||
| 999 |
_c3 _d3 |
||